Wielokrotni zdobywcy MVP w NBA. - Statystyki

Ogólne statystyki
  • Ten quiz został rozwiązany 254 razy
  • Średni wynik to 9 z 15
Statystyki odpowiedzi
Ilość trofeów Odpowiedź % Poprawnych
5. Michael Jordan
98%
4. LeBron James
97%
2. Stephen Curry
82%
4. Wilt Chamberlain
71%
2. Nikola Jokić
69%
3. Larry Bird
67%
5. Bill Russell
64%
6. Kareem Abdul-Jabbar
63%
3. Magic Johnson
62%
2. Karl Malone
48%
3. Moses Malone
48%
2. Tim Duncan
47%
2. Giannis Antetokounmpo
42%
2. Steve Nash
42%
2. Bob Pettit
18%
Nie znaleziono quizów pasujących do podanych kryteriów
Rozkład punktacji
Procent ludzi z każdym wynikiem
Percentyl według liczby udzielonych odpowiedzi
Twoja historia wyników
Nie rozwiązałeś tego quizu